Catálogo
 En Linea

Ozias Leduc et Paul-Emile Borduas / (Registro nro. 19353)

Detalles MARC
000 -CABECERA
campo de control de longitud fija 00637cam a2200193 4500
001 - NÚMERO DE CONTROL
campo de control 000019840
005 - FECHA Y HORA DE LA ÚLTIMA TRANSACCIÓN
campo de control 20200929170147.0
008 - DATOS DE LONGITUD FIJA--INFORMACIÓN GENERAL
campo de control de longitud fija 740710s1973 qucaf b 000 0 fre
020 ## - NÚMERO INTERNACIONAL ESTÁNDAR DEL LIBRO
Número Internacional Estándar del Libro 0840502249
040 ## - FUENTE DE LA CATALOGACIÓN
Centro catalogador/agencia de origen DO-SdBNP
Lengua de catalogación spa
Centro/agencia transcriptor BNPHU
082 00 - NÚMERO DE LA CLASIFICACIÓN DECIMAL DEWEY
Número de clasificación 759.11
245 00 - MENCIÓN DE TÍTULO
Título Ozias Leduc et Paul-Emile Borduas /
Mención de responsabilidad, etc. [par G.-A. Vachon et al.].
260 ## - PUBLICACIÓN, DISTRIBUCIÓN, ETC.
Lugar de publicación, distribución, etc. Montreal, :
Nombre del editor, distribuidor, etc. Presses de l'Universite de Montreal,
Fecha de publicación, distribución, etc. 1973.
300 ## - DESCRIPCIÓN FÍSICA
Extensión 152 p. :
Otras características físicas il. ;
Dimensiones 19 cm.
490 0# - MENCIÓN DE SERIE
Mención de serie Conférences J. A. de Séve ;
Designación de volumen o secuencia 15-16
504 ## - NOTA DE BIBLIOGRAFÍA, ETC.
Nota de bibliografía, etc. Incluye referencias bibliográficas
600 10 - PUNTO DE ACCESO ADICIONAL DE MATERIA--NOMBRE DE PERSONA
Nombre de persona Leduc, Ozias.
9 (RLIN) 42349
600 10 - PUNTO DE ACCESO ADICIONAL DE MATERIA--NOMBRE DE PERSONA
Nombre de persona Borduas, Paul-Emile,
Fechas asociadas al nombre 1905-1960.
9 (RLIN) 39507
Existencias
Estado de retiro Estado de pérdida Restricciones de uso No para préstamo Código de colección Localización permanente Ubicación/localización actual Ubicación en estantería Fecha de adquisición Número de inventario Total de préstamos Signatura topográfica completa Código de barras Fecha visto por última vez Precio válido a partir de Tipo de ítem Koha
      Excluido de préstamo Monografías: Libros y Folletos General General En catalogación 07.07.2010 LF1   759.11 19840-10 25.06.2020 25.06.2020 No se presta

Con tecnología Koha